000 00472nam a22001577u 4500
008 130405s1991 xxu||||| |||| 00| 0 spa d
017 _aM-46.269-1990
041 _aspa
100 1 _aPrieto Ramiro, Rafael
_929668
245 0 0 _aCáritas Cuaresma y Pascua 1991
_b:Un amor así de grande
_cRafael Prieto Ramiro
260 _aMadrid:
_bCáritas Española,
_c1991
300 _a279 p.
_c;21 cm.
650 0 4 _aLiturgia
_xNavidad y adviento
_918909
942 _cBK
001 97127
999 _c255960
_d255960